000 00426nam a2200157Ia 4500
008 230711s9999||||xx |||||||||||||| ||und||
041 _aENG
082 _a624
_bTU-C
100 _aTurner,R. Gregory
245 0 _aConstruction economics and building design : A historical approach 
250 _a1st Ed.
260 _c1986
_aNew York
_bVan Nostrand Reinhold Co.
300 _a136
650 _aCivil Engineering
942 _cBK
999 _c2052
_d2052